书目信息 |
| 题名: |
唯物辩证法的若干理论问题
|
|
| 作者: | 杨超 著 | |
| 分册: | ||
| 出版信息: | 北京 人民出版社 1980 |
|
| 页数: | 333页 | |
| 开本: | 21cm | |
| 丛书名: | ||
| 单 册: | ||
| 中图分类: | B024 , B02 | |
| 科图分类: | ||
| 主题词: | 唯物辩证法--研究 | |
| 电子资源: | ||
| ISBN: | ||
| 000 | 00623nam0 2200241 45 | |
| 001 | 1233716953 | |
| 005 | 20090929162147.84 | |
| 010 | @dCNY0.97 | |
| 091 | @aCN@b2001.193 | |
| 100 | @a19950620d1980 kmey0chiy0121 ea | |
| 101 | 0 | @achi |
| 102 | @aCN@b110000 | |
| 105 | @ay z 000yy | |
| 200 | 10 | @a唯物辩证法的若干理论问题@Awei wu bian zheng fa de ruo gan li lun wen ti@f杨超著 |
| 210 | @a北京@c人民出版社@d1980 | |
| 215 | @a333页@d21cm | |
| 606 | 0 | @a唯物辩证法@x研究 |
| 690 | @aB024@v3 | |
| 690 | @aB02@v4 | |
| 701 | 0 | @a杨超@Ayang chao@4著 |
| 801 | 0 | @aCN@bTSSF |
| 801 | 2 | @aCN@bNLC |
| 905 | @a10447@dB02@eJY22 | |
| 唯物辩证法的若干理论问题/杨超著.-北京:人民出版社,1980 |
| 333页;21cm |
| ISBN :CNY0.97 |
| ● |
| 相关链接 |
|
|
|
|
正题名:唯物辩证法的若干理论问题
索取号:B02/JY22
 
预约/预借
| 序号 | 登录号 | 条形码 | 馆藏地/架位号 | 状态 | 备注 |
| 1 | 7809517 | 278095179 | 学院路分馆/ [索取号:B02/JY22] | 在馆 |